Królowie Strzelców Mistrzostw Świata 1930-2018 - Statystyki

Ogólne statystyki
  • Ten quiz został rozwiązany 973 razy
    768 od ostatniego zresetowania
  • Średni wynik to 10 z 30
Statystyki odpowiedzi
Rok Zawodnik % Poprawnych
2002 Ronaldo
92%
1970 Gerd Muller
69%
2006 Miroslav Klose
68%
2010 Thomas Muller
68%
2018 Harry Kane
67%
1974 Grzegorz Lato
65%
2014 James Rodriguez
58%
2010 David Villa
54%
2010 Diego Forlan
53%
1962 Garrincha
37%
1966 Eusebio
35%
1982 Paolo Rossi
33%
1998 Davor Suker
30%
1986 Gary Lineker
28%
1958 Just Fontaine
26%
2010 Wesley Sneijder
26%
1978 Mario Kempes
25%
1994 Oleg Salenko
20%
1938 Leonidas
19%
1994 Christo Stoichkov
15%
1990 Salvatore Schillaci
15%
1954 Sandor Kocsis
13%
1962 Vava
13%
1930 Guillermo Stabile
10%
1950 Ademir
9%
1962 Leonel Sanchez
9%
1962 Florian Albert
8%
1934 Oldrich Nejedly
8%
1962 Drajen Jerković
4%
1962 Valentin Ivanov
4%
Nie znaleziono quizów pasujących do podanych kryteriów
Rozkład punktacji
Procent ludzi z każdym wynikiem
Percentyl według liczby udzielonych odpowiedzi
Twoja historia wyników
Nie rozwiązałeś tego quizu od ostatniego zresetowania